Dynamics of Structures. Theory and applications to earthquake engineering.
Đã lưu trong:
| Tác giả chính: | |
|---|---|
| Định dạng: | Không biết |
| Ngôn ngữ: | Tiếng Anh |
| Được phát hành: |
Sholinganallur, India:
Pearson India Education
2019
|
| Phiên bản: | Fifth edition. |
| Những chủ đề: | |
| Các nhãn: |
Thêm thẻ
Không có thẻ, Là người đầu tiên thẻ bản ghi này!
|
MARC
| LEADER | 00000 a2200000 4500 | ||
|---|---|---|---|
| 003 | CL-VaPUC | ||
| 005 | 20220704164220.0 | ||
| 008 | 220427b ||||| |||| 00| 0 eng d | ||
| 999 | |c 435472 |d 435470 | ||
| 020 | |a 9789353945251 | ||
| 040 | |c Pontificia Universidad Católica de Valparaíso | ||
| 082 | |a 624.1762 CHO 2019 | ||
| 100 | |a Chopra, Anil K |9 547229 |e author | ||
| 245 | |a Dynamics of Structures. |b Theory and applications to earthquake engineering. | ||
| 250 | |a Fifth edition. | ||
| 260 | |a Sholinganallur, India: |b Pearson India Education |c 2019 | ||
| 300 | |a 960 páginas | ||
| 583 | |k Cristina María Rojas Aguilar |c 20220427 | ||
| 650 | 0 | |a Ingeniería sísmica |9 547230 | |
| 942 | |2 ddc |c BK | ||
| 952 | |0 0 |1 0 |2 ddc |4 0 |6 624_176200000000000_CHO_2019 |7 0 |8 A |9 583001 |a BIBING |b BIBING |c GEN |d 2022-05-10 |e 1 |g 63874.33 |i 5651155 |l 1 |o 624.1762 CHO 2019 |p 5651155 |r 2025-01-20 |s 2023-06-07 |t 1 |v 63874.33 |w 2022-05-10 |y BK |k CIC | ||